| 000 | 00667nam a22002057a 4500 | ||
|---|---|---|---|
| 003 | OSt | ||
| 005 | 20260506064529.0 | ||
| 008 | 260506b |||||||| |||| 00| 0 eng d | ||
| 020 | _a9789715811426 | ||
| 040 |
_aDWCL Main Lib. _cOC |
||
| 082 | _aCirc. 641.5 M672c 2005 | ||
| 100 | _aMiranda-Varona, Blecenda | ||
| 245 |
_aCooking smart : _bhealthy recipes with nutritional information / _cBlecenda Miranda-Varona |
||
| 260 |
_a[place of publication not identified] : _bPhilippines Publishing House, _cc2005 |
||
| 300 |
_a238 pages ; _c25 cm. |
||
| 504 | _aIncludes index. | ||
| 650 | _a1. Cookery. | ||
| 650 | _a2. Vegetarian cooking. | ||
| 942 |
_2ddc _cBK-CIRC _n0 |
||
| 999 |
_c10281 _d10281 |
||